| 000 | 00544nam a2200181Ia 4500 | ||
|---|---|---|---|
| 003 | GCL | ||
| 008 | 140319s9999 xx 000 0 ara d | ||
| 040 |
_aGCL / _cGCL |
||
| 082 | 0 | 4 |
_a219.1 _bى ه |
| 100 | 1 | _aيوسف القرضاوى | |
| 245 | 1 | 0 |
_aهموم المسلم المعاصر / _cيوسف القرضاوى |
| 700 | 1 | _aياسر فرحات | |
| 260 |
_a[S.N] : _bمكتبة التراث الاسلامى ، _c1989 |
||
| 300 | _a173 ص | ||
| 490 | _a | ||
| 650 | 0 | 4 | _aالاسلام والاصلاح الدينى |
| 942 |
_2ddc _cBK |
||
| 999 |
_c31812 _d31812 |
||